00246nam a2200109Ia 4500008004100000100002400041245001400065260002100079650001200100942000700112999001700119190216s9999||||xx |||||||||||||| ||und|| aAndrews S Tanenbaum 0aPakshigal bBhasha Institute aZoology cBK c39913d39913